000 00832nam a2200217Ia 4500
005 20250108124848.0
008 008 250107s9999 xx 000 0 hin d
037 _aTB
040 _aCRL
_bhin
_cCRL
041 _ahin
_2hin
084 _aO152,3N50,SH R1
084 _qCRL
100 _aमिश्र, शिवकुमार, ले.
245 0 _aभक्ति - आन्दोलन और भक्तिकाव्य
_cमिश्र, शिवकुमार, ले.
260 _aइलाहाबाद, भारत
_bअभिव्यक्ति प्रकाशन
_c2479
300 _a220पृ0
365 _aINR
_b200
650 _aहिन्दी कविताहिन्दी साहित्य
_9729733
942 _cTB
_hO152,3N50,SH R1
999 _c1234867
_d1234867